[Event "GER-chT U12"]
[Site "Magdeburg"]
[Date "2023.12.29"]
[Round "6.8"]
[White "Wagner, Cosima Thien An"]
[Black "Dodul, Arthur"]
[Result "0-1"]
[WhiteElo "1531"]
[BlackElo "1569"]
[PlyCount "76"]
[EventDate "2023.12.26"]
[EventType "team-swiss"]
[EventRounds "7"]
[EventCountry "GER"]
[SourceTitle "CB03_2024"]
[SourceDate "2024.01.17"]
[SourceVersion "1"]
[SourceVersionDate "2024.01.17"]
[SourceQuality "1"]
[WhiteTeam "Tegernsee"]
[BlackTeam "Barnim Schachfreunde"]
[WhiteTeamCountry "GER"]
[BlackTeamCountry "GER"]

1. e4 e5 2. Nf3 Nc6 3. Bb5 Nf6 4. d3 d6 5. h3 a6 6. Ba4 Be6 7. 0-0 Be7 8. Nc3 0-0 9. Be3 b5 10. Bb3 Bxb3 11. axb3 d5 12. Bg5 dxe4 13. Bxf6 exf3 14. Bxe7 Qxe7 15. Qxf3 Nd4 16. Qd1 Qe6 17. Ne2 c5 18. Re1 f6 19. Qd2 Rfc8 20. f4 Qd6 21. fxe5 fxe5 22. Nc3 c4 23. bxc4 bxc4 24. Ra5 Nf3+ 25. gxf3 Qb6+ 26. Qe3 Qxa5 27. d4 exd4 28. Qe6+ Kh8 29. Nd5 Rf8 30. Nb6 Rad8 31. Re5 Qd2 32. Nxc4 Qxc2 33. Nd6 Qg6+ 34. Kf2 Rxd6 35. Qe7 Rdf6 36. Rd5 Rxf3+ 37. Ke1 Qg1+ 38. Kd2 Qg2+ 0-1

[Event "GER-chT U12"]
[Site "Magdeburg"]
[Date "2023.12.29"]
[Round "5.10"]
[White "Wagner, Cosima Thien An"]
[Black "Shevchenko, Igor1"]
[Result "1-0"]
[WhiteElo "1531"]
[BlackElo "1552"]
[PlyCount "65"]
[EventDate "2023.12.26"]
[EventType "team-swiss"]
[EventRounds "7"]
[EventCountry "GER"]
[SourceTitle "CB03_2024"]
[SourceDate "2024.01.17"]
[SourceVersion "1"]
[SourceVersionDate "2024.01.17"]
[SourceQuality "1"]
[WhiteTeam "Tegernsee"]
[BlackTeam "Magdeburg Schachzwerge"]
[WhiteTeamCountry "GER"]
[BlackTeamCountry "GER"]

1. e4 c6 2. d3 d5 3. Nd2 e6 4. Ngf3 Nf6 5. g3 Be7 6. Bg2 Na6 7. 0-0 0-0 8. e5 Nd7 9. Re1 c5 10. c3 Re8 11. b3 Nf8 12. Ba3 Ng6 13. d4 cxd4 14. Bxe7 Qxe7 15. Nxd4 Bd7 16. c4 Bc6 17. Qe2 Nc7 18. Rac1 Qd7 19. b4 a6 20. N2b3 Qe7 21. b5 Bd7 22. b6 dxc4 23. bxc7 cxb3 24. Bxb7 bxa2 25. Bxa8 Rxa8 26. Qxa2 Bc8 27. Nb5 Qd7 28. Nd6 Nxe5 29. Rxe5 Qxd6 30. Re2 g6 31. Rd2 Qb6 32. Qb1 Qa7 33. Qb2 1-0

[Event "GER-chT U12"]
[Site "Magdeburg"]
[Date "2023.12.27"]
[Round "1.6"]
[White "Wartenberg, Alexander"]
[Black "Wagner, Cosima Thien An"]
[Result "1-0"]
[WhiteElo "1695"]
[BlackElo "1531"]
[PlyCount "51"]
[EventDate "2023.12.26"]
[EventType "team-swiss"]
[EventRounds "7"]
[EventCountry "GER"]
[SourceTitle "CB03_2024"]
[SourceDate "2024.01.17"]
[SourceVersion "1"]
[SourceVersionDate "2024.01.17"]
[SourceQuality "1"]
[WhiteTeam "Hamburger SK"]
[BlackTeam "Tegernsee"]
[WhiteTeamCountry "GER"]
[BlackTeamCountry "GER"]

1. e4 c5 2. Nf3 g6 3. c4 Bg7 4. d4 cxd4 5. Nxd4 Nc6 6. Be3 Nf6 7. Nc3 Ng4 8. Qxg4 Nxd4 9. Qd1 Ne6 10. Qd2 0-0 11. h4 f5 12. exf5 gxf5 13. g3 b6 14. Bg2 Rb8 15. Rd1 Nc5 16. 0-0 d6 17. Bg5 Bxc3 18. Qxc3 Ne4 19. Bxe4 fxe4 20. Rd5 Rf5 21. Qd4 Be6 22. Bh6 Rf6 23. Rg5+ Kf7 24. Rg7+ Ke8 25. Rxh7 Kd7 26. Qxf6 1-0

[Event "GER-ch U12 Girls"]
[Site "Willingen"]
[Date "2023.05.29"]
[Round "3"]
[White "Wagner, Cosima Thien An"]
[Black "Xiao, Yiyi"]
[Result "1-0"]
[WhiteElo "1565"]
[BlackElo "1267"]
[PlyCount "83"]
[EventDate "2023.05.27"]
[EventType "swiss"]
[EventRounds "9"]
[EventCountry "GER"]
[SourceTitle "CBM 214 Extra"]
[Source "ChessBase"]
[SourceDate "2023.07.31"]
[SourceVersion "1"]
[SourceVersionDate "2023.07.31"]
[SourceQuality "1"]

1. e4 e5 2. Nf3 Nc6 3. Bc4 Nf6 4. d3 d5 5. exd5 Nxd5 6. 0-0 Bc5 7. Re1 0-0 8. Bg5 f6 9. Bh4 Bg4 10. Nc3 Nce7 11. h3 Bh5 12. Nxd5 Nxd5 13. Rxe5 Bf7 14. d4 g5 15. dxc5 fxe5 16. Bxg5 Qd7 17. Nxe5 Qf5 18. Nxf7 Rxf7 19. Bxd5 Qxg5 20. Bxf7+ Kxf7 21. Qf3+ Kg6 22. Qxb7 Rg8 23. Qc6+ Kh5 24. g4+ Kh4 25. Qxc7 Qg6 26. Qg3+ Kg5 27. f4+ Kh6 28. Qh4+ Kg7 29. Qe7+ Kh8 30. Qe5+ Rg7 31. Rd1 h5 32. Rd7 Kg8 33. Qxg7+ Qxg7 34. Rxg7+ Kxg7 35. c6 hxg4 36. c7 gxh3 37. c8Q h2+ 38. Kxh2 Kf6 39. Qe8 Kf5 40. Qe5+ Kg4 41. Kg2 a6 42. Qg5# 1-0

[Event "GER-ch U12 Girls"]
[Site "Willingen"]
[Date "2023.05.28"]
[Round "2"]
[White "Margaryan, Mane"]
[Black "Wagner, Cosima Thien An"]
[Result "0-1"]
[WhiteElo "1403"]
[BlackElo "1565"]
[PlyCount "68"]
[EventDate "2023.05.27"]
[EventType "swiss"]
[EventRounds "9"]
[EventCountry "GER"]
[SourceTitle "CBM 214 Extra"]
[Source "ChessBase"]
[SourceDate "2023.07.31"]
[SourceVersion "1"]
[SourceVersionDate "2023.07.31"]
[SourceQuality "1"]

1. d4 d5 2. c4 dxc4 3. e4 e5 4. d5 Nf6 5. Nc3 b5 6. a3 Bc5 7. Bg5 a6 8. Nf3 Nbd7 9. Be2 0-0 10. 0-0 h6 11. Bh4 Bb7 12. a4 c6 13. b3 b4 14. dxc6 Bxc6 15. Nd5 Bxd5 16. exd5 c3 17. Bc4 e4 18. Nd4 Ne5 19. Nc6 Nxc6 20. dxc6 Qxd1 21. Raxd1 g5 22. Bg3 e3 23. fxe3 Bxe3+ 24. Kh1 c2 25. Rc1 Bxc1 26. Rxc1 Rfd8 27. Be2 Rd2 28. h3 Rxe2 29. c7 Rd2 30. Kh2 a5 31. Be5 Nd5 32. Bd6 Nxc7 33. Bxc7 Rc8 34. Bxa5 Rd1 0-1

[Event "Bayern Jubilar U12"]
[Site "Bayreuth"]
[Date "2022.08.30"]
[Round "6"]
[White "Wagner, Cosima Thien An"]
[Black "Allen, Phillipp"]
[Result "0-1"]
[WhiteElo "1301"]
[BlackElo "1421"]
[PlyCount "59"]
[EventDate "2022.08.27"]
[EventType "swiss"]
[EventRounds "7"]
[EventCountry "GER"]
[SourceTitle "EXT 2023"]
[Source "ChessBase"]
[SourceDate "2022.10.05"]
[SourceVersion "1"]
[SourceVersionDate "2022.10.05"]
[SourceQuality "1"]

1. e4 c6 2. d4 d5 3. exd5 cxd5 4. Bd3 Nc6 5. c3 Nf6 6. h3 g6 7. Nf3 Bg7 8. 0-0 0-0 9. Bf4 Bf5 10. Bxf5 gxf5 11. Re1 Ne4 12. Nbd2 Kh8 13. Ng5 Nxg5 14. Bxg5 f6 15. Bf4 e5 16. dxe5 fxe5 17. Be3 f4 18. Bc5 Rf6 19. c4 b6 20. Ba3 Rg6 21. cxd5 Qg5 22. Qg4 Qh6 23. Qf3 Nd4 24. Qd3 f3 25. g3 Qxh3 26. Nxf3 Rh6 27. Nh4 Rxh4 28. f4 Qh1+ 29. Kf2 Rh2+ 30. Ke3 0-1

[Event "GER-chT U12 Girls"]
[Site "Willingen"]
[Date "2022.08.13"]
[Round "2.6"]
[White "Prokscha, Charlotte"]
[Black "Wagner, Cosima Thien An"]
[Result "1/2-1/2"]
[WhiteElo "1241"]
[BlackElo "1301"]
[PlyCount "146"]
[EventDate "2022.08.13"]
[EventType "team-swiss"]
[EventRounds "7"]
[EventCountry "GER"]
[SourceTitle "EXT 2023"]
[Source "ChessBase"]
[SourceDate "2022.10.05"]
[SourceVersion "1"]
[SourceVersionDate "2022.10.05"]
[SourceQuality "1"]
[WhiteTeam "Garching"]
[BlackTeam "Tegernsee"]
[WhiteTeamCountry "GER"]
[BlackTeamCountry "GER"]

1. c4 g6 2. Nc3 Bg7 3. Nf3 Nf6 4. d3 d5 5. g3 dxc4 6. dxc4 Qxd1+ 7. Nxd1 Ne4 8. Rb1 Bf5 9. Ne3 Nxg3 10. Nxf5 Nxf5 11. Bf4 Nd6 12. e3 Nc6 13. a3 Rc8 14. Bd3 e5 15. c5 exf4 16. cxd6 fxe3 17. fxe3 cxd6 18. Be4 0-0 19. Ke2 Rfe8 20. Kd3 Re7 21. Rhe1 Ne5+ 22. Nxe5 Bxe5 23. h3 b6 24. Bd5 Bg7 25. Rf1 Rce8 26. e4 Be5 27. Rf3 Kg7 28. b3 Rc8 29. a4 Rc3+ 30. Ke2 Rxf3 31. Kxf3 Rc7 32. Bc4 Rc5 33. Rf1 Bf6 34. Rd1 Be5 35. Rd3 Rc8 36. Re3 Rf8 37. Ke2 f5 38. Rf3 fxe4 39. Rxf8 Kxf8 40. Ke3 Ke7 41. Kxe4 Bc3 42. Bg8 h6 43. Bc4 Kf6 44. Kd5 Bb4 45. Ke4 Kg5 46. Be6 h5 47. Kd5 Bc5 48. Kc4 a5 49. Kd5 Kf4 50. Bf7 Kf5 51. Be6+ Kf6 52. Bd7 Ke7 53. Be6 g5 54. Bf5 Kf6 55. Be6 Bb4 56. Bd7 g4 57. hxg4 h4 58. Ke4 Kg5 59. Kf3 d5 60. Bb5 Bd6 61. Bf1 d4 62. Bh3 d3 63. Ke3 d2 64. Kxd2 Kf4 65. g5 Kg3 66. g6 Be5 67. Be6 h3 68. Bd5 Kf2 69. Kd3 h2 70. Kc4 Kg1 71. b4 axb4 72. Kxb4 h1Q 73. Bxh1 Kxh1 1/2-1/2

[Event "GER-ch U12 Girls"]
[Site "Willingen"]
[Date "2022.06.10"]
[Round "8"]
[White "Wagner, Cosima Thien An"]
[Black "Mehner, Clara"]
[Result "0-1"]
[WhiteElo "1362"]
[BlackElo "1056"]
[PlyCount "120"]
[EventDate "2022.06.04"]
[EventType "swiss"]
[EventRounds "9"]
[EventCountry "GER"]
[SourceTitle "CBM 208 Extra"]
[Source "ChessBase"]
[SourceDate "2022.07.31"]
[SourceVersion "1"]
[SourceVersionDate "2022.07.31"]
[SourceQuality "1"]

1. e4 e6 2. b3 d5 3. Bb2 Nf6 4. exd5 exd5 5. Nf3 Be6 6. d4 Nbd7 7. Nc3 Bb4 8. Bd3 0-0 9. 0-0 Re8 10. Ne5 Nxe5 11. dxe5 Ng4 12. a3 Ba5 13. Qe2 c6 14. f4 Bd7 15. Qf3 Qh4 16. Qg3 Bb6+ 17. Kh1 Nf2+ 18. Rxf2 Qxg3 19. hxg3 Bxf2 20. Ne2 Re6 21. Bf5 Rh6+ 22. Bh3 Re8 23. Kh2 Rh5 24. Rf1 Bb6 25. Rd1 Re6 26. g4 Rh4 27. Kg3 Reh6 28. g5 Rxh3+ 29. gxh3 Rxh3+ 30. Kg2 Bg4 31. Re1 Re3 32. Kf1 Bh3+ 33. Kf2 Rd3+ 34. Bd4 Bxd4+ 35. Nxd4 Rxd4 36. Ke3 Re4+ 37. Kf2 Rxe1 38. Kxe1 Kf8 39. Kf2 Bg4 40. c3 Ke7 41. Kg3 Bd1 42. b4 Ke6 43. Kh4 Kf5 44. Kg3 Ke4 45. Kf2 Kxf4 46. Ke1 Bb3 47. g6 hxg6 48. e6 fxe6 49. c4 Bxc4 50. b5 Bxb5 51. a4 Bxa4 52. Kf2 b5 53. Ke2 Ke4 54. Kd2 Kd4 55. Kc1 Kc3 56. Kb1 d4 57. Kc1 d3 58. Kb1 d2 59. Ka2 d1Q 60. Ka3 Qb3# 0-1

[Event "GER-ch U12 Girls"]
[Site "Willingen"]
[Date "2022.06.08"]
[Round "5"]
[White "Kopylov, Diana"]
[Black "Wagner, Cosima Thien An"]
[Result "0-1"]
[WhiteElo "1110"]
[BlackElo "1362"]
[PlyCount "118"]
[EventDate "2022.06.04"]
[EventType "swiss"]
[EventRounds "9"]
[EventCountry "GER"]
[SourceTitle "CBM 208 Extra"]
[Source "ChessBase"]
[SourceDate "2022.07.31"]
[SourceVersion "1"]
[SourceVersionDate "2022.07.31"]
[SourceQuality "1"]

1. d4 d5 2. c4 e6 3. cxd5 exd5 4. Nc3 c6 5. Qc2 Bd6 6. Bd2 Ne7 7. e3 Bf5 8. Bd3 Bxd3 9. Qxd3 0-0 10. Nge2 Nd7 11. 0-0-0 Nb6 12. Kb1 Nc4 13. h4 a5 14. e4 a4 15. exd5 cxd5 16. Bf4 a3 17. b3 Nb2 18. Qd2 Nxd1 19. Rxd1 Bb4 20. h5 Rc8 21. Qd3 Qd7 22. f3 Bxc3 23. Nxc3 Qf5 24. Qxf5 Nxf5 25. Nxd5 Rcd8 26. Nc3 Rxd4 27. Rxd4 Nxd4 28. Bd6 Rc8 29. Bb4 Re8 30. Ne4 Nb5 31. Kc1 Re5 32. g4 f5 33. Ng3 fxg4 34. fxg4 Rg5 35. Be1 Rxg4 36. Kc2 Nd6 37. Kd3 Ne8 38. Nf5 Rg5 39. Ng3 Nf6 40. h6 g6 41. Ne2 Rh5 42. Bd2 Ng4 43. Bb4 Nxh6 44. Bxa3 Nf5 45. Bb4 Rh3+ 46. Kc4 Rh2 47. Nc3 Rc2 48. Kb5 h5 49. a4 h4 50. Ne4 h3 51. Nf6+ Kf7 52. Ng4 Nd4+ 53. Kb6 Nxb3 54. Bd6 Rc6+ 55. Kxb7 Rxd6 56. Nh2 Rd4 57. Nf3 Rxa4 58. Ng5+ Kf6 59. Nxh3 g5 0-1